Statistics for South American Borders by Length

Click here to take the quiz!

General Stats

  • This quiz has been taken 59 times
  • The average score is 13 of 25

Answer Stats

LENGTHCOUNTRIES% Correct
5,300 kmArgentina-Chile
100%
3,400 kmBolivia-Brazil
80%
2,200 kmBrazil-Venezuela
73%
2,050 kmColombia-Venezuela
65%
1,643 kmBrazil-Colombia
57%
985 kmBrazil-Uruguay
53%
1,880 kmArgentina-Paraguay
51%
1,560 kmBrazil-Peru
49%
600 kmGuyana-Suriname
49%
900 kmBolivia-Peru
49%
160 kmChile-Peru
49%
1,420 kmEcuador-Peru
49%
1,290 kmBrazil-Paraguay
49%
597 kmBrazil-Suriname
47%
590 kmColombia-Ecuador
47%
579 kmArgentina-Uruguay
47%
1,119 kmBrazil-Guyana
45%
861 kmBolivia-Chile
45%
743 kmGuyana-Venezuela
45%
750 kmBolivia-Paraguay
43%
1,496 kmColombia-Peru
37%
510 kmFrance (French Guiana)-Suriname
37%
673 kmBrazil-France (French Guiana)
35%
1,224 kmArgentina-Brazil
33%
832 kmArgentina-Bolivia
31%

Score Distribution

Percentile by Number Answered

Percent of People with Each Score

Your Score History

You have not taken this quiz